000 00692nam a22002297a 4500
003 KOHA_MİRAKIL
005 20260428082007.0
008 260427b tu ||||| |||| 00| 0 tur d
020 _a9786057193612
040 _aTR-AnABB
_btur
_cTR-AnABB
041 _atur
082 _a809.1
_bTUR 2022
100 1 _aTural, Sadık Kemal
245 1 0 _aŞiir ikliminde birkaç saat /
_cSadık Kemal Tural
246 _aŞiir
260 _aAnkara :
_bİm ajans yayınları,
_c2022
300 _a172 sayfa ;
_c20 cm
500 _aYazar tarafından Prof. Dr. Ruşen Keleş için imzalanmıştır.
650 0 4 _aŞiir, inceleme
900 _bCan ÇELIK
942 _2ddc
_cBK
999 _c10342
_d10342